Statistics for Borg El Arab International Airport Destinations (Alexandria, Egypt)

Click here to take the quiz!

General Stats

  • This quiz has been taken 26 times
  • The average score is 20 of 24

Answer Stats

AirlineDestination% Correct
Air Arabia/Etihad Airways/Wizz AirAbu Dhabi
100%
Aegean AirlinesAthens
100%
Egyptair/Petroleum Air ServicesCairo
100%
Egyptair/flydubaiDubai (International)
100%
Turkish AirlinesIstanbul
100%
Air Arabia/Air Cairo/Egyptair/SaudiaJeddah
100%
Oman Air/Salam AirMuscat
100%
Air Arabia/Egyptair/SaudiaRiyadh
100%
Gulf AirBahrain
93%
Afriqiyah Airways/Libyan AirlinesBenghazi
93%
Air Cairo/Qatar AirwaysDoha
93%
Air Arabia/Egyptair/SaudiaMedina
93%
Afriqiyah Airways/Libyan AirlinesTripoli (Mitiga)
93%
Air Arabia/Air Cairo/Alexandria Airlines/FlyEgyptAmman (Queen Alia)
86%
Air Arabia/Air Cairo/Alexandria Airlines/Egyptair/Jazeera AirwaysKuwait City
79%
Wizz AirMilan (Malpensa)
79%
Wizz AirRome (Fiumicino)
79%
Air Arabia/EgyptairDammam
71%
Air Cairo/EgyptairSharm El Sheikh
71%
Air CairoCasablanca
57%
EgyptairHurghada
57%
Air ArabiaSharjah
50%
Afriqiyah AirwaysMisrata
43%
Air ArabiaBergamo
36%

Score Distribution

Percentile by Number Answered

Percent of People with Each Score

Your Score History

You have not taken this quiz